Автоматизация управления технологическим процессом бурения скважи: сборник научных трудов

Bibliographic Details
Corporate Author: Всесоюзный научно-исследовательский институт методики и техники разведки
Other Authors: Михеев Н. Н. (редактор)
Language:Russian
Published:
Subjects:
Format: Book
KOHA link:https://koha.lib.tpu.ru/cgi-bin/koha/opac-detail.pl?biblionumber=97351

MARC

LEADER 00000nam0a2200000 4500
001 97351
005 20231101214126.0
020 |a RU 
035 |a (RuTPU)RU\TPU\book\104350 
090 |a 97351 
100 |a 20060525d1981 km y0rusy5003 ca 
101 0 |a rus 
102 |a RU 
105 |a a z 001zy 
200 1 |a Автоматизация управления технологическим процессом бурения скважи  |e сборник научных трудов  |f Всесоюзный научно-исследовательский институт методики и техники разведки; под ред. Н. Н. Михеева 
215 |a 69 с.  |c ил. 
610 1 |a горное дело 
610 1 |a бурение 
610 1 |a скважины 
610 1 |a автоматическое управление 
610 1 |a глубокие скважины 
610 1 |a породоразрушающие инструменты 
610 1 |a буровые снаряды 
610 1 |a качение 
675 |a 622.24:65.011.5  |z rus 
702 1 |a Михеев  |b Н. Н.  |4 340 
712 0 2 |a Всесоюзный научно-исследовательский институт методики и техники разведки  |2 stltpush  |3 (RuTPU)RU\TPU\col\6027  |9 24205 
801 0 |a RU  |b RuMRKP  |c 19950704  |g psbo 
801 1 |a RU  |b 63413507  |c 20060525  |g PSBO 
801 2 |a RU  |b 63413507  |c 20091027  |g PSBO 
900 |a Автоматизация производственных процессов в бурении 
942 |c BK